Statistics for Billie Eilish Charting Songs (Billboard Hot Rock / Alt)

Click here to take the quiz!

General Stats

  • This quiz has been taken 20 times
    (8 since last reset)
  • The average score is 16 of 20

Answer Stats

AlbumWeeks OnPeakArtist(s)Song% Correct
Happier Than Ever26 Weeks#1Billie EilishHappier Than Ever
100%
Happier Than Ever20 Weeks#1Billie Eilishmy future
100%
Happier Than Ever31 Weeks#2Billie EilishTherefore I Am
100%
No Time to Die20 Weeks#22Billie EilishNo Time to Die
100%
Happier Than Ever14 Weeks#10Billie EilishGetting Older
100%
Happier Than Ever20 Weeks#11Billie EilishBillie Bossa Nova
100%
Happier Than Ever3 Weeks#26Billie EilishEverybody Dies
80%
Happier Than Ever13 Weeks#20Billie EilishMale Fantasy
80%
Happier Than Ever4 Weeks#19Billie EilishGOLDWING
80%
Happier Than Ever12 Weeks#14Billie EilishI Didn't Change My Number
80%
Happier Than Ever10 Weeks#12Billie EilishOxytocin
80%
Happier Than Ever20 Weeks#3Billie EilishNDA
80%
Happier Than Ever20 Weeks#3Billie EilishLost Cause
80%
Happier Than Ever21 Weeks#2Billie EilishYour Power
80%
Euphoria: Music from the HBO Original Series7 Weeks#6Billie Eilish & ROSALIALo Vas a Olvidar
60%
Happier Than Ever18 Weeks#17Billie EilishHalley's Comet
60%
Happier Than Ever3 Weeks#25Billie EilishOverHeated
60%
Happier Than Ever2 Weeks#27Billie EilishNot My Responsibility
60%
WHEN WE ALL FALL ASLEEP WHERE DO WE GO10 Weeks#30Billie Eilishilomilo
60%
WHEN WE ALL FALL ASLEEP WHERE DO WE GO (Re-Issue)6 Weeks#2Billie Eilisheverything i wanted
40%

Score Distribution

Percentile by Number Answered

Percent of People with Each Score

Your Score History

You have not taken this quiz since the last reset